000 03511nam0a22005171 4500
001 v19\rc\2107808
005 20210902134634.0
035 _a(NLR Aleph) 005180090
090 _a5127581
_c5127581
100 _a20090914d1809 m||y0rusy50 ca
101 0 _arus
102 _aRU
135 _acrcn 024anaba
140 _aa y vkb yaa0000
200 1 _aНаставление о приготовлении сухих и влажных туков, служащих к удобрению всяких пашен,
_fсочиненное в пользу российских хозяев, членом Вольнаго экономическаго общества, статским советником Антоном Пошманом,
_gи оным Обществом изданное
210 _aВ Санктпетербурге
_cв Императорской типографии
_d1809
215 _a105, [3] с., 4 л. ил.
_d8°
300 _aОфорт, резец
316 _aЭкз. РНБ (18.67.5.37) в цельнокож. корич. пер. На переплет. крышках орнамент. рамки блинтовым тиснением. На корешке тиснение золотом, черная кожан. наклейка с вытисн. золотом загл.: "Настав[ление] о туков" и бумаж. наклейка с порядковым номером книги на полке: "37". На нижней крышке пер. экслибрис Рус. фонда ГПБ с шифром. Обрез тонир. желтый. На форзаце ярлык с шифром РНБ. На тит. л., на с.33, 105 и оборотах всех листов ил. круглый штамп ГПБ. Размер: 20,2х12,9х1,5 см
_5NLR: 18.67.5.37
317 _aВ экз. РНБ (18.67.5.37) на форзаце экслибрис Б-ки Сухтелена (Богомолов 15775)
_5NLR: 18.67.5.37
321 1 _aСК 1801-1825 6964
325 _aКопия доступна в Электрон. б-ке РНБ
620 _dСанкт-Петербург
700 1 _aПошман
_bА. П.
_gАнтон Петрович
702 1 _aСухтелен
_bП. К.
_f1751-1836
_gПетр Корнильевич
_5NLR: 18.67.5.37
_3RU\NLR\AUTH\77107713
_4390
702 1 _aВейтбрехт
_bИ. Я.
_f1744-1803
_gИоганн Якоб
_4610
712 0 2 _aИмператорская типография Вейтбрехта
_cПетербург
_3RU\NLR\AUTH\8810171428
_4610
801 0 _aRU
_bNLR
_gpsbo
801 1 _aRU
_bProSoft-M
_2rusmarc
852 _aNLR
_j18.67.5.37
852 _aNLR
_j138/693
856 0 _uhttps://vivaldi.nlr.ru/bx000025764/view
856 1 _uhttps://vivaldi.nlr.ru/bx000025764/cover
856 2 _uhttps://vivaldi.nlr.ru/bx000025764/text
942 _cBOOK
980 3 _akpcivil2021
980 3 _akp2021
980 3 _akp
980 _aNB
981 2 2 _a(22) Материалы по истории России
_b(22) Культура. Наука. Просвещение.
981 2 0 _a(20) Книжные памятники РНБ
_b(20) Русский книжный фонд